| 000 | 00498nam a2200181Ia 4500 | ||
|---|---|---|---|
| 999 |
_c22526 _d22526 |
||
| 003 | OSt | ||
| 005 | 20200915120013.0 | ||
| 008 | 190216s9999||||xx |||||||||||||| ||und|| | ||
| 020 | _a8172045433 | ||
| 040 | _coclc | ||
| 082 |
_a297 _bISH/V |
||
| 100 |
_aIshaqali, T _94592 |
||
| 245 | 0 |
_aVishudhiyude Margangal / _cT Ishaqali |
|
| 260 |
_bIslamic Publishing House, _c1999. _aCalicut: |
||
| 300 | _a33p | ||
| 650 | _aIslam Matham | ||
| 942 |
_cBK _2ddc _h297 _iISH/V _k297 _mISH/V |
||